Common Polyatomic Ions - Statistics

General Stats
  • This quiz has been taken 14 times
  • The average score is 15 of 34
Answer Stats
Hint Answer % Correct
H2PO4(-) Dihydrogen phosphate
75%
H2PO3(-) Dihydrogen phosphite
75%
HSO4(-) Hydrogen Sulfate
75%
CN(-) Cyanide
63%
HCO3(-) Hydrogen Carbonate
63%
HPO4(2-) Hydrogen phosphate
63%
HSO3(-) Hydrogen Sulfite
63%
OH(-) Hydroxide
63%
NO3(-) Nitrate
63%
NO2(-) Nitrite
63%
CIO2(-) Chlorite
50%
HPO3(2-) Hydrogen Phosphite
50%
CIO(-) Hypochlorite
50%
CIO4(-) Perchlorate
50%
NH4(-) Ammonium
38%
BrO3(-) Bromate
38%
CO3(2-) Carbonate
38%
CIO3(-) Chlorate
38%
CrO4(2-) Chromate
38%
H3O(-) Hydronium
38%
IO3(-) Iodate
38%
MnO4(-) Permanganate
38%
SiO3(2-) Silicate
38%
SO4(2-) Sulfate
38%
SO3(2-) Sulfite
38%
CH3COO(-) Acetate
25%
BO3(3-) Borate
25%
Cr2O7(2-) Dichromate
25%
C2O4(2-) Oxalate
25%
PO4(3-) Phosphate
25%
PO3(3-) Phosphite
25%
SCN(-) Thiocyanate
25%
S2O3(2-) Thiosulfate
25%
C6H5COO(-) Benzoate
13%
No matching quizzes found
Score Distribution
Percent of People with Each Score
Percentile by Number Answered
Your Score History
You have not taken this quiz